LEADER 02628nam 2200649Ia 450 001 9910465289103321 005 20200520144314.0 010 $a1-283-01166-2 010 $a9786613011664 010 $a0-472-02791-3 024 7 $a10.3998/mpub.2516956 035 $a(CKB)2560000000071335 035 $a(OCoLC)705945752 035 $a(CaPaEBR)ebrary10451071 035 $a(SSID)ssj0000470717 035 $a(PQKBManifestationID)11284146 035 $a(PQKBTitleCode)TC0000470717 035 $a(PQKBWorkID)10431063 035 $a(PQKB)11162410 035 $a(MiAaPQ)EBC3414970 035 $a(MdBmJHUP)muse3380 035 $a(MiU)10.3998/mpub.2516956 035 $a(Au-PeEL)EBL3414970 035 $a(CaPaEBR)ebr10451071 035 $a(CaONFJC)MIL301166 035 $a(OCoLC)923503873 035 $a(EXLCZ)992560000000071335 100 $a20100810d2011 ub 0 101 0 $aeng 135 $aurcn||||||||| 181 $ctxt 182 $cc 183 $acr 200 10$aKin of another kind$b[electronic resource] $etransracial adoption in American literature /$fCynthia Callahan 210 $aAnn Arbor $cUniversity of Michigan Press$dc2011 215 $a1 online resource (200 p.) 300 $aBibliographic Level Mode of Issuance: Monograph 311 $a0-472-11758-0 320 $aIncludes bibliographical references and index. 327 $aIntroduction : reading transracial adoption in American literature -- Voluntary belonging: historical and cultural contexts -- Passing for kin in Charles W. Chesnutt's "Her Virginia mammy" and the quarry -- Unknowable origins in Kate Chopin's "Desire's baby" and William Faulkner's Light in August -- Integrated families : Robert Boles's curling and Toni Morrison's Tar baby -- Captivity and rescue in the fiction of Dallas Chief Eagle, Leslie Marmon Silko -- Barbara Kingsolver, and Sherman Alexie -- Adopting ambivalence in the fiction of Sui Sin Far, Anne Tyler, and Gish Jen. 606 $aAmerican literature$y20th century$xHistory and criticism 606 $aInterracial adoption in literature 606 $aRace in literature 608 $aElectronic books. 615 0$aAmerican literature$xHistory and criticism. 615 0$aInterracial adoption in literature. 615 0$aRace in literature. 676 $a810.9/35254 700 $aCallahan$b Cynthia$f1972-$01045286 712 02$aMichigan Publishing (University of Michigan) 801 0$bMiAaPQ 801 1$bMiAaPQ 801 2$bMiAaPQ 906 $aBOOK 912 $a9910465289103321 996 $aKin of another kind$92471469 997 $aUNINA LEADER 06705nam 2200493z- 450 001 9910583053603321 005 20230120002544.0 035 $a(CKB)3710000001145940 035 $a(MiAaPQ)EBC5507995 035 $a(EXLCZ)993710000001145940 100 $a20170424c2018uuuu -u- | 101 0 $aeng 135 $aur|n||||||||| 181 $ctxt$2rdacontent 181 $csti$2rdacontent 182 $cc$2rdamedia 183 $acr$2rdacarrier 200 00$aDiagnosis and management of adult congenital heart disease /$f[edited by] Michael A. Gatzoulis, MD, PhD, FACC, FESC, Professor of Cardiology and Consultant Cardiologist, Adult Congenital Heart Centre and Centre for Pulmonary Hypertension, Royal Brompton Hospital, London, United Kingdom, Gary D. Webb, MD, CM, FACC, Emeritus Professor of Pediatrics and Internal Medicine, Consulting Cardiologist, The Adult Congenital Heart Program, Cincinnati Children's Hospital, Cincinnati, Ohio, Piers E.F. Daubeney, DM, FRCP, CRCPCH, Consultant Pediatric and Fetal Cardiologist, Royal Brompton Hospital, London, United Kingdom 205 $aThird edition 210 1$aPhiladelphia :$cElsevier$d[2018] 210 4$d©2018 215 $a1 online resource (xii, 677 pages) $cillustrations (chiefly color) 300 $aRevised edition of: Diagnosis and management of adult congenital heart disease / [edited by] Michael Gatzoulis, Gary D. Webb, Piers E.F. Daubeney. 2nd ed. ©2011. 311 $a0-7020-6929-9 320 $aIncludes bibliographical references. 327 $aPART 1 -- GENERAL PRINCIPLES -- 1 Adults with congenital heart disease : a growing population -- 2 Grown-up congenital heart or adult congenital heart disease : historical perspectives -- 3 Cardiac morphology and nomenclature -- 4 Adults with congenital heart disease : a genetic perspective -- 5 Clinical assessment -- 6 Echocardiography -- 7 Heart failure, exercise intolerance and physical training -- 8 Cardiovascular magnetic resonance -- 9 Cardiac computed tomography -- 10 Cardiac catheterization in adult congenital heart disease -- 11 Late repair and reoperations in adult congenital heart disease -- 12 Venous shunts and the fontan circulation in adult congenital heart disease -- 13 Late complications following the fontan operation -- 14 Heart and lung transportation in adult congenital heart disease -- 15 Noncardiac surgery in adult congenital heart disease -- 16 Critical care -- 17 Arrhythmias in adult congenital heart disease -- 18 Invasive electrophysiology -- 19 Pacemakers and internal cardioverter defibrillators in adult congenital heart disease -- 20 Infective endocarditis -- 21 Transition of care from pediatrics -- 22 Pregnancy and contraception -- 23 Obstetric analgesia and anesthesia -- 24 Quality of life in patients with pulmonary hypertension and nursing in adult congenital heart disease -- 25 Psychosocial issues in adult congenital heart disease -- 26 Supportive and palliative care for adults with adult congenital heart disease -- 27 Anesthesia in adult congenital heart disease, inclusion anesthesia or Noncardiac surgery -- 28 Insurability of adults with congenital heart disease -- PART II SEPTAL DEFECTS -- 29 Arterial septal defect (interatrial communication) -- 30 Ventricular septal defect -- 31 Atrioventricular septal defects -- PART III DISEASES OF THE MITRAL VALVE -- 32 Cor triatriatum and congenital mitral stenosis -- 3 Mitral valve prolapse, mitral regurgitation -- 34 Partial anomalous pulmonary venous connections and the scimitar syndrome -- PART IV DISEASES OF THE LEFT VENTRICULAR OUTFLOW TRACT -- 35 Valvular aortic stenosis -- 36 Subvalvular and supravalvular aortic stenosis -- 37 Aortic regurgitation -- 38 Sinus of Valsalva aneurysms -- PART V DISEASES OF THE AORTA -- 39 Patent ductus arteriosus and aortopulmonary window -- 40 Aortic coarctation and interrupted aortic arch -- 41 Truncus arteriosus -- 42 Vascular rings, pulmonary slings and other vascular abnormalities -- PART VI DISEASES OF THE TRICUSPID VALVE -- 43 Ebstein anomaly -- 43 Tricuspid regurgitation and stenosis -- PART VII DISEASES OF THE RIGHT VENTRICULAR OUTFLOW TRACT -- 45 Pulmonary stenosis -- 46 Double-chambered right ventricle -- PART VIII CYANOTIC CONDITIONS -- 47 Tetralogy of fallot -- 48 Pulmonary atresia with ventricular septal defect -- 49 Absent pulmonary valve syndrome -- 50 Pulmonary atresia with intact ventricular septum -- 51 Transposition of the great arteries -- 52 Eisenmenger syndrome -- 53 Congenitally corrected transposition of the great arteries -- 54 Double-outlet right ventricle -- PART IX UNIVENTRICULAR HEART -- 55 Double-inlet ventricle -- 56 Atrioventricular valve atresia -- 57 Heterotaxy and isomerism of the atrial appendages -- PART X CORONARY ARTERY ABNORMALITIES -- 58 Congenital anomalies of the coronary arteries -- 59 Kawasaki disease -- PART XI OTHER LESIONS -- 60 Myocarditis and dilated cardiomyopathy -- 61 Hypertrophic cardiomyopathy -- 62 Constrictive pericarditis and restrictive cardiomyopathy -- 63 Arrhythmogenic cardiomyopathy -- 64 Noncompacted myocardium -- 65 Rheumatic fever -- 66 Cardiac tumors -- 67 Marfan syndrome : a cardiovascular perspective -- 68 Idiopathic pulmonary hypertension -- Selected terms used in adult congenital heart disease 330 $a"Designed to meet the needs of clinicians working with adults with congenital heart disease, Diagnosis and Management of Adult Congenital Heart Disease , by Drs. Michael A. Gatzoulis, Gary D. Webb, and Piers E. F. Daubeney, offers essential guidance on the anatomical issues, clinical presentation, diagnosis, and treatment options available to practitioners today. This latest edition features completely updated content, including new information for nurses and nurse practitioners who, now more than ever, are playing an important role in the care of adults with CHD. You'll also access four new chapters, illustrated congenital defects, coverage of long-term outcomes, and much more"--Publisher's description. 606 $aCongenital heart disease 606 $aHeart Defects, Congenital$xdiagnosis$3(DNLM)D006330Q000175 606 $aHeart Defects, Congenital$xtherapy$3(DNLM)D006330Q000628 606 $aAdult$3(DNLM)D000328 615 0$aCongenital heart disease. 615 12$aHeart Defects, Congenital$xdiagnosis. 615 12$aHeart Defects, Congenital$xtherapy. 615 22$aAdult. 676 $a616.1/2043 702 $aGatzoulis$b Michael A. 702 $aWebb$b Gary D. 702 $aDaubeney$b Piers E. F. 801 2$bBeLU 906 $aBOOK 912 $a9910583053603321 996 $aDiagnosis and management of adult congenital heart disease$92238564 997 $aUNINA